000 00984cam a22002413a 4500
001 14058
003 PGUSA
005 20140828083312.0
008 041116s2004||||xxu|||||s|||||000 | eng d
040 _aPGUSA
_beng
042 _adc
050 4 _aJC
245 1 0 _aReadings on Fascism and National Socialism :
_bSelected by members of the department of philosophy, University of Colorado
_h[electronic resource] /
_cVarious
260 _bProject Gutenberg,
_c2004
505 0 _aThe Doctrine of Fascism by Benito Mussolini -- The Political Doctrine of Fascism by Alfredo Rocco -- The Philosophic Basis of Fascism by Giovanni Gentile -- National Socialism by Murphy, Stevens, Trivers, Roland -- National-Socialism and Medicine by Dr. F. Hamburger.
506 _aPublic domain in the USA.
516 _aElectronic text
653 _aNational socialism
653 _aFascism
830 0 _aProject Gutenberg
_v14058
856 4 0 _uhttp://www.gutenberg.org/ebooks/14058
942 _cEB
999 _c243313
_d243313